000 00765nam a2200205Ia 4500
003 IN-BaIIA
008 211028s9999 xx 000 0 eng d
040 _cIIA Library
080 _a083.83:524.31
_bAIT-2
100 _aAitken, Robert Grant
_94225
245 0 _aNew general catalogue of double stars, within 120 degree of the North pole
_bvol. II
_cRobert Grant Aitken
260 _aWashington
_bCarnegie Institution of Washington
_c1932
300 _a708-1488p.
490 _aCarnegie Institution of Washington Publication; no. 417
500 _aDonated by Mrs. Bappu
650 _aAstronomy and Astrophysics Thesaurus
650 _aCatalogue-Double Stars
_912746
650 _aDouble Stars Catalogue
_912747
942 _cBK
999 _c7479
_d7479